000 00447nam a2200181Ia 4500
001 23598
005 20260414150948.0
008 260414t2014||||xx |||||||||||||| ||spa||
041 _aESP
082 _a670.42
_bG82
100 _aGroover, Mikell P.
_eAUT
245 0 _aIntroducción a los procesos de manufactura
_b
260 _c2014
300 _axii, 678 páginas :
_c27 cm.
650 _aTCA
654 _aCII
942 _cLIB
_dJUS
_fJUS
_2ddc
_n
999 _c23598
_d23598